Smlouva o obchodním zastoupení. 1.
V súčasnosti mnohé podniky nerealizujú svoje obchody len prostredníctvom vlastných obchodných útvarov, ale využívajú obchodných zástupcov (dealerov), s ktorými uzatvárajú zmluvy o obchodnom zastúpení. Charakteristika právnej úpravy zmluvy o obchodnom zastúpení podľa Obchodného zákonníka. Povinnosti...
Guardado en:
| Autor principal: | |
|---|---|
| Otros Autores: | |
| Formato: | Capítulo de libro |
| Lenguaje: | checo |
| Materias: | |
| Etiquetas: |
Sin Etiquetas, Sea el primero en etiquetar este registro!
|
MARC
| LEADER | 00000naa a2200000 4500 | ||
|---|---|---|---|
| 001 | r010468 | ||
| 005 | 20220831084121.8 | ||
| 041 | 0 | |a cze | |
| 044 | |a [CS] | ||
| 245 | 1 | 0 | |a Smlouva o obchodním zastoupení. 1. |c K. Menšík, K. Marek |
| 520 | |a V súčasnosti mnohé podniky nerealizujú svoje obchody len prostredníctvom vlastných obchodných útvarov, ale využívajú obchodných zástupcov (dealerov), s ktorými uzatvárajú zmluvy o obchodnom zastúpení. Charakteristika právnej úpravy zmluvy o obchodnom zastúpení podľa Obchodného zákonníka. Povinnosti obchodného zástupcu. Druhy obchodného zastúpenia. | ||
| 610 | 2 | 0 | |a obchod |
| 610 | 2 | 0 | |a politika obchodná |
| 610 | 2 | 0 | |a sprostredkovatelia |
| 610 | 2 | 0 | |a zákonník obchodný |
| 100 | 1 | |a Menšík, K. | |
| 700 | 1 | |a Marek, K. | |